| 000 | 01746cam a2200361 i 4500 | ||
|---|---|---|---|
| 001 | 19798993 | ||
| 003 | GBCCL | ||
| 005 | 20251202122607.0 | ||
| 008 | 170719s2017 ilu 000 0 eng | ||
| 020 | _a9780802418029 | ||
| 035 | _a19798993 | ||
| 040 |
_aDLC _beng _cDLC _erda _dDLC |
||
| 082 | 0 | 0 |
_a234.709 _223 _bBUS 1 |
| 100 | 1 |
_aBusenitz, Nathan, _eauthor. |
|
| 245 | 1 | 0 |
_aLong before Luther : _btracing the heart of the Gospel from Christ to the Reformation / _cNathan Busenitz. |
| 264 | 1 |
_aChicago : _bMoody Publishers, _c[2017] |
|
| 300 |
_a242 pages ; _c21 cm |
||
| 336 |
_atext _btxt _2rdacontent |
||
| 337 |
_aunmediated _bn _2rdamedia |
||
| 338 |
_avolume _bnc _2rdacarrier |
||
| 505 | 0 | _aIntroducing the debate -- The reformers and justification -- The church before Augustine -- Augustine and justification -- The church after Augustine -- Tracing the heart of the Gospel from Christ to the Reformation. | |
| 610 | 2 | 0 |
_aCatholic Church _xDoctrines. |
| 650 | 0 |
_aJustification (Christian theology) _xHistory of doctrines _yEarly church, ca. 30-600. |
|
| 650 | 0 |
_aJustification (Christian theology) _xHistory of doctrines _yMiddle Ages, 600-1500. |
|
| 650 | 0 |
_aTheology, Doctrinal _xHistory _yEarly church, ca. 30-600. |
|
| 650 | 0 |
_aTheology, Doctrinal _xHistory _yMiddle Ages, 600-1500. |
|
| 650 | 0 | _aReformation. | |
| 650 | 0 |
_aReformed Church _xDoctrines. |
|
| 776 | 0 | 8 |
_iOnline version: _aBusenitz, Nathan, author. _tLong before Luther _dChicago : Moody Publishers, 2017 _z9780802496355 _w(DLC) 2017035114 |
| 906 |
_a7 _bcbc _corignew _d1 _eecip _f20 _gy-gencatlg |
||
| 942 |
_2ddc _cBK _n0 |
||
| 999 |
_c11083 _d11083 |
||